[Event "Reykjavik op"]
[Site "Reykjavik"]
[Date "2024.03.18"]
[Round "6"]
[White "Weigand, Anton"]
[Black "Doshi, Moksh Amitbhai"]
[Result "0-1"]
[WhiteElo "2036"]
[BlackElo "2353"]
[PlyCount "66"]
[EventDate "2024.03.15"]
[EventType "swiss"]
[EventRounds "9"]
[EventCountry "ISL"]
[SourceTitle "CB13_2024"]
[SourceDate "2024.03.27"]
[SourceVersion "1"]
[SourceVersionDate "2024.03.27"]
[SourceQuality "1"]

1. e4 c5 2. c3 d5 3. exd5 Qxd5 4. d4 Nf6 5. Nf3 e6 6. Na3 a6 7. Nc4 Nbd7 8. Be2 b5 9. Ne3 Qc6 10. a4 Bb7 11. axb5 axb5 12. Rxa8+ Bxa8 13. dxc5 Qxc5 14. 0-0 Be7 15. Nc2 0-0 16. Nfd4 Rb8 17. Be3 Qd5 18. f3 Ne5 19. Bf2 Ng6 20. Qa1 Nf4 21. Bxb5 Qg5 22. Bg3 N6h5 23. Bxf4 Qxf4 24. Qe1 Bd6 25. g3 Qg5 26. c4 e5 27. Ne2 Bc5+ 28. Kg2 e4 29. f4 e3+ 30. Kh3 Qf5+ 31. g4 Qxc2 32. gxh5 Qf5+ 33. Kg3 Qxh5 0-1

[Event "GER-chT U20"]
[Site "Kiel"]
[Date "2022.07.25"]
[Round "6.2"]
[White "Bartelt, Max Peter"]
[Black "Weigand, Anton"]
[Result "1-0"]
[WhiteElo "1915"]
[BlackElo "1919"]
[PlyCount "105"]
[EventDate "2022.07.22"]
[EventType "team-swiss"]
[EventRounds "7"]
[EventCountry "GER"]
[SourceTitle "CBM 209 Extra"]
[Source "ChessBase"]
[SourceDate "2022.09.30"]
[SourceVersion "1"]
[SourceVersionDate "2022.09.30"]
[SourceQuality "1"]
[WhiteTeam "Brackel"]
[BlackTeam "Lehrte"]
[WhiteTeamCountry "GER"]
[BlackTeamCountry "GER"]

1. d4 e6 2. Nf3 Nf6 3. g3 b5 4. Bg2 Bb7 5. 0-0 c5 6. a4 b4 7. c4 cxd4 8. Qxd4 Be7 9. Nbd2 0-0 10. Nb3 Nc6 11. Qd3 d5 12. cxd5 Qxd5 13. Qb5 Rab8 14. Nfd2 Qd7 15. Nc5 Bxc5 16. Qxc5 Rfc8 17. Nb3 Ba6 18. Bf4 e5 19. Bxe5 Nxe5 20. Qxe5 Re8 21. Qf4 Bxe2 22. Rfe1 Bh5 23. Nd4 Rxe1+ 24. Rxe1 Rd8 25. Nc6 Qd2 26. Qxb4 Qxb4 27. Nxb4 Rb8 28. Nc6 Rxb2 29. Nxa7 Kf8 30. Ra1 Bg6 31. a5 Nd7 32. Nc6 Nc5 33. h3 Bd3 34. Bf1 Bxf1 35. Kxf1 Na6 36. Rd1 g6 37. Rd8+ Kg7 38. Ra8 Nc5 39. a6 Nxa6 40. Rxa6 h5 41. Ra7 Rb5 42. Ke2 h4 43. g4 Rb3 44. f3 Rb2+ 45. Ke3 Rh2 46. Ne5 Rxh3 47. g5 Rh1 48. Rxf7+ Kg8 49. Rf6 h3 50. Rxg6+ Kf8 51. Rh6 h2 52. Kf4 Kg7 53. Ng4 1-0

[Event "Hannover Bezirk-ch A"]
[Site "Hannover"]
[Date "2018.10.07"]
[Round "7.4"]
[White "Kiesel, Harald"]
[Black "Weigand, Anton"]
[Result "1-0"]
[WhiteElo "2076"]
[BlackElo "1775"]
[PlyCount "49"]
[EventDate "2018.10.04"]
[EventType "swiss"]
[EventRounds "7"]
[EventCountry "GER"]
[SourceTitle "EXT 2022"]
[Source "ChessBase"]
[SourceDate "2021.10.06"]
[SourceVersion "1"]
[SourceVersionDate "2021.10.06"]
[SourceQuality "1"]

1. e4 e6 2. d4 d5 3. Nd2 dxe4 4. Nxe4 Nd7 5. Nf3 Ngf6 6. Nxf6+ Nxf6 7. Be3 Be7 8. Bd3 0-0 9. Qe2 b6 10. 0-0-0 Bb7 11. Kb1 c6 12. Ne5 Qc7 13. g4 c5 14. Rhg1 Rfd8 15. g5 Nd7 16. Nxf7 Kxf7 17. Qh5+ Kf8 18. Qxh7 Nf6 19. gxf6 Bxf6 20. Rg6 Qf7 21. Rdg1 cxd4 22. Bh6 Rd7 23. Rxf6 Qxf6 24. Qh8+ Ke7 25. Rxg7+ 1-0

[Event "Hannover Bezirk-ch A"]
[Site "Hannover"]
[Date "2018.10.06"]
[Round "5.5"]
[White "Weigand, Anton"]
[Black "Stelmaszyk, Nico"]
[Result "1/2-1/2"]
[WhiteElo "1775"]
[BlackElo "1956"]
[PlyCount "37"]
[EventDate "2018.10.04"]
[EventType "swiss"]
[EventRounds "7"]
[EventCountry "GER"]
[SourceTitle "EXT 2022"]
[Source "ChessBase"]
[SourceDate "2021.10.06"]
[SourceVersion "1"]
[SourceVersionDate "2021.10.06"]
[SourceQuality "1"]

1. e4 c6 2. d4 d5 3. exd5 cxd5 4. c3 Nc6 5. Nf3 Nf6 6. Bf4 g6 7. Bd3 Bg7 8. Nbd2 0-0 9. 0-0 Bf5 10. Bxf5 gxf5 11. Ne5 Ne4 12. Nxc6 bxc6 13. f3 Nxd2 14. Qxd2 e6 15. Bh6 Bxh6 16. Qxh6 Kh8 17. b4 Rg8 18. Kf2 Rg5 19. g3 1/2-1/2

[Event "Niedersachsen-ch op A"]
[Site "Verden"]
[Date "2018.01.05"]
[Round "4"]
[White "Traetmar, Mattis"]
[Black "Weigand, Anton"]
[Result "1-0"]
[WhiteElo "1904"]
[BlackElo "1733"]
[PlyCount "109"]
[EventDate "2018.01.04"]
[EventType "swiss"]
[EventRounds "7"]
[EventCountry "GER"]
[SourceTitle "EXT 2022"]
[Source "ChessBase"]
[SourceDate "2021.10.06"]
[SourceVersion "1"]
[SourceVersionDate "2021.10.06"]
[SourceQuality "1"]

1. e4 e5 2. Nf3 Nc6 3. Bb5 a6 4. Ba4 Bc5 5. c3 Nge7 6. 0-0 0-0 7. d4 exd4 8. cxd4 Bb6 9. d5 Nb8 10. d6 cxd6 11. Bf4 Bc7 12. Nc3 b5 13. Bb3 Bb7 14. Bxd6 Bxd6 15. Qxd6 Re8 16. Ng5 Rf8 17. Qf4 Qe8 18. Qc7 Qc8 19. Qd6 Nbc6 20. Nd5 Nxd5 21. exd5 Na5 22. Rac1 Qd8 23. Ne4 Nxb3 24. axb3 Re8 25. Rfe1 Qe7 26. Qxe7 Rxe7 27. Nf6+ Kf8 28. Nxh7+ Ke8 29. d6 Rxe1+ 30. Rxe1+ Kd8 31. Re5 Rc8 32. f3 Rc6 33. Ng5 Rc1+ 34. Kf2 Bc6 35. Nxf7+ Kc8 36. h4 Rc2+ 37. Re2 Rxe2+ 38. Kxe2 Bd5 39. Ne5 Bxb3 40. Kd3 Be6 41. Kd4 b4 42. Kc5 b3 43. Kb6 Kd8 44. Kxa6 Ke8 45. g4 Kf8 46. g5 Kg8 47. g6 Kf8 48. Kb6 Ke8 49. Kc7 Bf5 50. h5 Bh3 51. Nxd7 Bxd7 52. h6 Bf5 53. h7 Bxg6 54. d7+ Kf7 55. h8Q 1-0